[Event "11th PKWN Festival it"]
[Site "Lublin POL"]
[Date "1975.07.??"]
[Round "10"]
[White "Hazai, Laszlo"]
[WhiteElo "2420"]
[Black "Lechtynsky, Jiri"]
[BlackElo "2410"]
[Result "0-1"]
[EventDate "1975.07.15"]
[PlyCount "58"]

1.e4 e6 2.d3 c5 3.g3 g6 4.Bg2 Bg7 5.Nc3 Nc6 6.Be3 d6 7.Qd2 Nge7 8.Bh6 O-O
9.h4 f6 10.Bxg7 Kxg7 11.Nh3 e5 12.f4 Nd4 13.Nf2 h5 14.Ncd1 f5 15.fxe5 dxe5
16.c3 Ne6 17.exf5 Nxf5 18.Ne4 c4 19.dxc4 Qxd2+ 20.Kxd2 Bd7 21.Ne3 Bc6 22.
Rhg1 Rad8+ 23.Ke2 Nxg3+ 24.Nxg3 Nf4+ 25.Ke1 Nd3+ 26.Kd1 Rf2 27.Bd5 Nxb2+
28.Ke1 Nd3+ 29.Kd1 Ba4+ 0-1

[Event "11th PKWN Festival it"]
[Site "Lublin POL"]
[Date "1975.07.??"]
[Round "10"]
[White "Maciejewski, Andrzej"]
[WhiteElo "2380"]
[Black "Peev, Peicho"]
[BlackElo "2425"]
[Result "1/2-1/2"]
[EventDate "1975.07.15"]
[PlyCount "115"]

1.e4 d6 2.d4 Nf6 3.Nc3 g6 4.f4 Bg7 5.Nf3 O-O 6.Bd3 Nc6 7.h3 Nb4 8.Be3 d5
9.e5 Nxd3+ 10.Qxd3 Bf5 11.Qe2 Ne4 12.Nxe4 Bxe4 13.Ng5 Bf5 14.g4 Bd7 15.
O-O-O f6 16.Nf3 b6 17.Rdg1 c5 18.h4 fxe5 19.dxe5 d4 20.Qc4+ e6 21.Bd2 Qe8
22.Qe2 Bb5 23.Qf2 Bc6 24.h5 Be4 25.Re1 Qc6 26.hxg6 Bxf3 27.Rxh7 Be4 28.
Rxe4 Qxe4 29.f5 Qxg4 30.Qh2 Rxf5 31.Rxg7+ Kxg7 32.Qh7+ Kf8 33.g7+ Qxg7 34.
Bh6 Qxh6+ 35.Qxh6+ Ke7 36.Qh7+ Rf7 37.Qe4 Rd8 38.Qh4+ Kd7 39.Qe4 Kc7 40.
Qg6 Re7 41.Qf6 Rde8 42.a4 Rh7 43.Qg6 Rh1+ 44.Kd2 Re7 45.Qg8 c4 46.Qa8 Reh7
47.Qxa7+ Kc6 48.Qa8+ Kc5 49.Qf8+ Kd5 50.Qf3+ Kxe5 51.Qg3+ Kd5 52.Qf3+ Kd6
53.Qf4+ e5 54.Qf6+ Kd7 55.Qf5+ Kd8 56.Qf6+ Kd7 57.Qf5+ Kc6 58.Qe6+ 1/2-1/2

[Event "11th PKWN Festival it"]
[Site "Lublin POL"]
[Date "1975.07.??"]
[Round "10"]
[White "Ogaard, Leif"]
[WhiteElo "2460"]
[Black "Kaplan, Julio"]
[BlackElo "2445"]
[Result "1/2-1/2"]
[EventDate "1975.07.15"]
[PlyCount "24"]

1.d4 Nf6 2.c4 e6 3.Nc3 Bb4 4.e3 b6 5.Ne2 Bb7 6.a3 Be7 7.d5 O-O 8.Ng3 Re8
9.Be2 exd5 10.cxd5 c6 11.e4 cxd5 12.exd5 Bd6 1/2-1/2

[Event "11th PKWN Festival it"]
[Site "Lublin POL"]
[Date "1975.07.??"]
[Round "10"]
[White "Szymczak, Zbigniew"]
[WhiteElo "2390"]
[Black "Kozlov, Vladimir"]
[BlackElo "2445"]
[Result "1/2-1/2"]
[EventDate "1975.07.15"]
[PlyCount "38"]

1.Nf3 Nf6 2.c4 d5 3.cxd5 Nxd5 4.Nc3 Nc6 5.g3 e5 6.Nxd5 Qxd5 7.d3 e4 8.dxe4
Qxd1+ 9.Kxd1 Bc5 10.e3 Nb4 11.Bc4 Bg4 12.Ke2 Nc6 13.Bb5 O-O 14.h3 Bh5 15.
a3 Rae8 16.b4 Bd4 17.Ra2 Rxe4 18.g4 Bg6 19.Bd3 Re7 1/2-1/2

[Event "11th PKWN Festival it"]
[Site "Lublin POL"]
[Date "1975.07.??"]
[Round "11"]
[White "Espig, Lutz"]
[WhiteElo "2490"]
[Black "Hazai, Laszlo"]
[BlackElo "2420"]
[Result "1/2-1/2"]
[EventDate "1975.07.15"]
[PlyCount "20"]

1.Nf3 Nf6 2.c4 d6 3.Nc3 g6 4.d4 Bg7 5.Bg5 O-O 6.e3 c5 7.Be2 Na6 8.h3 Bf5
9.O-O Re8 10.Rc1 Ne4 1/2-1/2

[Event "11th PKWN Festival it"]
[Site "Lublin POL"]
[Date "1975.07.??"]
[Round "11"]
[White "Kaplan, Julio"]
[WhiteElo "2445"]
[Black "Barczay, Laszlo"]
[BlackElo "2445"]
[Result "1/2-1/2"]
[EventDate "1975.07.15"]
[PlyCount "32"]

1.Nf3 c5 2.e4 e6 3.Nc3 Nc6 4.d4 cxd4 5.Nxd4 Nf6 6.Ndb5 Bb4 7.a3 Bxc3+ 8.
Nxc3 d5 9.exd5 exd5 10.Bd3 O-O 11.O-O d4 12.Ne4 Bf5 13.Bg5 Bxe4 14.Bxe4 h6
15.Bxf6 Qxf6 16.Re1 Rad8 1/2-1/2

[Event "11th PKWN Festival it"]
[Site "Lublin POL"]
[Date "1975.07.??"]
[Round "11"]
[White "Kozlov, Vladimir"]
[WhiteElo "2445"]
[Black "Ogaard, Leif"]
[BlackElo "2460"]
[Result "1/2-1/2"]
[EventDate "1975.07.15"]
[PlyCount "46"]

1.e4 c5 2.Nf3 e6 3.d4 cxd4 4.Nxd4 Nc6 5.Nc3 a6 6.Be2 Qc7 7.O-O Nf6 8.Be3
Bb4 9.Na4 O-O 10.Nxc6 bxc6 11.f4 Be7 12.Bd3 c5 13.c4 Bb7 14.Nc3 d6 15.Qf3
Nd7 16.Qh3 Rfe8 17.f5 exf5 18.Rxf5 Ne5 19.Raf1 g6 20.Rxf7 Nxf7 21.Rxf7
Kxf7 22.Qxh7+ Ke6 23.Qh3+ Kf7 1/2-1/2

[Event "11th PKWN Festival it"]
[Site "Lublin POL"]
[Date "1975.07.??"]
[Round "11"]
[White "Lechtynsky, Jiri"]
[WhiteElo "2410"]
[Black "Maciejewski, Andrzej"]
[BlackElo "2380"]
[Result "1/2-1/2"]
[EventDate "1975.07.15"]
[PlyCount "26"]

1.e4 g6 2.d4 c6 3.Nf3 Bg7 4.Nc3 d6 5.Be2 Nf6 6.O-O O-O 7.a4 Qc7 8.Be3 Nbd7
9.h3 b6 10.Qd2 a6 11.Bh6 Bb7 12.Bxg7 Kxg7 13.Rfd1 b5 1/2-1/2

[Event "11th PKWN Festival it"]
[Site "Lublin POL"]
[Date "1975.07.??"]
[Round "11"]
[White "Panchenko, Alexander"]
[WhiteElo "2435"]
[Black "Bednarski, Jacek"]
[BlackElo "2425"]
[Result "1-0"]
[EventDate "1975.07.15"]
[PlyCount "75"]

1.d4 d5 2.c4 c6 3.Nf3 e6 4.g3 dxc4 5.Bg2 b5 6.O-O Bb7 7.a4 a6 8.b3 cxb3 9.
Qxb3 Nf6 10.Ne5 Qxd4 11.Bb2 Qb4 12.Qc2 Qc5 13.Qd2 Be7 14.axb5 Qxb5 15.Na3
Qb6 16.Nac4 Qc7 17.Bc3 Nbd7 18.Rab1 O-O 19.Rxb7 Qxb7 20.Nxc6 Nc5 21.N4a5
Qc7 22.Be5 Rad8 23.Qg5 Rd6 24.Rc1 Nb7 25.Nxe7+ Qxe7 26.Nxb7 Rb6 27.h3 h6
28.Qf4 Nd5 29.Bxd5 exd5 30.Bd6 Rxd6 31.Nxd6 Qxe2 32.Nf5 Qb2 33.Ne7+ Kh7
34.Nxd5 Rd8 35.Rd1 Kh8 36.Qc7 Rf8 37.Qd6 Ra8 38.Nc7 1-0

[Event "11th PKWN Festival it"]
[Site "Lublin POL"]
[Date "1975.07.??"]
[Round "11"]
[White "Peev, Peicho"]
[WhiteElo "2425"]
[Black "Szymczak, Zbigniew"]
[BlackElo "2390"]
[Result "1/2-1/2"]
[EventDate "1975.07.15"]
[PlyCount "25"]

1.d4 Nf6 2.c4 g6 3.Nc3 d5 4.Nf3 Bg7 5.Bg5 Ne4 6.cxd5 Nxg5 7.Nxg5 e6 8.Qd2
h6 9.Nh3 exd5 10.Qe3+ Kf8 11.Nf4 Nc6 12.O-O-O Ne7 13.Qf3 1/2-1/2

[Event "11th PKWN Festival it"]
[Site "Lublin POL"]
[Date "1975.07.??"]
[Round "11"]
[White "Stean, Michael Francis"]
[WhiteElo "2370"]
[Black "Garcia Martinez, Silvino"]
[BlackElo "2445"]
[Result "1/2-1/2"]
[EventDate "1975.07.15"]
[PlyCount "57"]

1.e4 c5 2.Nf3 d6 3.d4 cxd4 4.Nxd4 Nf6 5.Nc3 a6 6.Bg5 e6 7.f4 Be7 8.Qf3 Qc7
9.O-O-O Nbd7 10.Bd3 h6 11.Bh4 g5 12.e5 gxh4 13.exf6 Nxf6 14.f5 e5 15.Nde2
Bd7 16.Be4 Bc6 17.Nd5 Bxd5 18.Bxd5 Nxd5 19.Rxd5 Bg5+ 20.Kb1 O-O-O 21.Nc3
Qc4 22.Rhd1 Qf4 23.Ne4 Qxf3 24.gxf3 Bf4 25.h3 Rhg8 26.Nxd6+ Kc7 27.c4 Rg3
28.Nb5+ axb5 29.Rc5+ 1/2-1/2

[Event "11th PKWN Festival it"]
[Site "Lublin POL"]
[Date "1975.07.??"]
[Round "12"]
[White "Barczay, Laszlo"]
[WhiteElo "2445"]
[Black "Kozlov, Vladimir"]
[BlackElo "2445"]
[Result "1/2-1/2"]
[EventDate "1975.07.15"]
[PlyCount "33"]

1.c4 c5 2.g3 g6 3.Bg2 Bg7 4.Nc3 Nc6 5.e3 e6 6.Nge2 Nge7 7.O-O O-O 8.d4
cxd4 9.Nxd4 Nxd4 10.exd4 d5 11.cxd5 Nxd5 12.Nxd5 exd5 13.Be3 Be6 14.Qd2
Qb6 15.Rac1 Rfc8 16.h4 h5 17.Rfe1 1/2-1/2

[Event "11th PKWN Festival it"]
[Site "Lublin POL"]
[Date "1975.07.??"]
[Round "12"]
[White "Bednarski, Jacek"]
[WhiteElo "2425"]
[Black "Kaplan, Julio"]
[BlackElo "2445"]
[Result "1/2-1/2"]
[EventDate "1975.07.15"]
[PlyCount "26"]

1.e4 c5 2.Nf3 d6 3.d4 cxd4 4.Nxd4 Nf6 5.Nc3 e6 6.f4 Nc6 7.Be3 Be7 8.Qf3 e5
9.Nxc6 bxc6 10.fxe5 dxe5 11.Bc4 O-O 12.h3 Be6 13.Qe2 Rb8 1/2-1/2

[Event "11th PKWN Festival it"]
[Site "Lublin POL"]
[Date "1975.07.??"]
[Round "12"]
[White "Espig, Lutz"]
[WhiteElo "2490"]
[Black "Stean, Michael Francis"]
[BlackElo "2370"]
[Result "1-0"]
[EventDate "1975.07.15"]
[PlyCount "39"]

1.Nf3 g6 2.e4 d6 3.d4 Nf6 4.Nc3 Bg7 5.h3 O-O 6.Be3 Na6 7.Be2 c5 8.e5 dxe5
9.dxe5 Nd7 10.e6 fxe6 11.O-O Qb6 12.Qc1 Nf6 13.Bc4 Nb4 14.Bh6 Nbd5 15.Bxg7
Kxg7 16.Re1 Qd6 17.Qd2 a6 18.Rad1 Rd8 19.Qe2 Kf8 20.Ng5 1-0

[Event "11th PKWN Festival it"]
[Site "Lublin POL"]
[Date "1975.07.??"]
[Round "12"]
[White "Hazai, Laszlo"]
[WhiteElo "2420"]
[Black "Maciejewski, Andrzej"]
[BlackElo "2380"]
[Result "1/2-1/2"]
[EventDate "1975.07.15"]
[PlyCount "23"]

1.e4 g6 2.d4 c6 3.Nc3 Bg7 4.Nf3 d6 5.Be2 Nf6 6.O-O O-O 7.Re1 Qc7 8.e5 dxe5
9.Nxe5 Nbd7 10.Bf4 Nxe5 11.Bxe5 Qa5 12.Bf3 1/2-1/2

[Event "11th PKWN Festival it"]
[Site "Lublin POL"]
[Date "1975.07.??"]
[Round "12"]
[White "Ogaard, Leif"]
[WhiteElo "2460"]
[Black "Peev, Peicho"]
[BlackElo "2425"]
[Result "1/2-1/2"]
[EventDate "1975.07.15"]
[PlyCount "29"]

1.Nf3 Nf6 2.c4 g6 3.g3 Bg7 4.Bg2 O-O 5.O-O d6 6.d4 Nc6 7.Nc3 Bg4 8.d5 Na5
9.Nd2 c5 10.Qc2 Qc8 11.b3 Bh3 12.Bb2 a6 13.e4 Bxg2 14.Kxg2 e5 15.Ne2
1/2-1/2

[Event "11th PKWN Festival it"]
[Site "Lublin POL"]
[Date "1975.07.??"]
[Round "12"]
[White "Szymczak, Zbigniew"]
[WhiteElo "2390"]
[Black "Lechtynsky, Jiri"]
[BlackElo "2410"]
[Result "1/2-1/2"]
[EventDate "1975.07.15"]
[PlyCount "30"]

1.Nf3 d5 2.c4 dxc4 3.Qa4+ c6 4.Qxc4 Nf6 5.g3 g6 6.Bg2 Bg7 7.O-O O-O 8.Qc2
Bf5 9.d3 Qd7 10.b3 Bh3 11.Bb2 Bxg2 12.Kxg2 Na6 13.a3 c5 14.Nbd2 Rfd8 15.
Rab1 Rac8 1/2-1/2

[Event "11th PKWN Festival it"]
[Site "Lublin POL"]
[Date "1975.07.??"]
[Round "13"]
[White "Kaplan, Julio"]
[WhiteElo "2445"]
[Black "Garcia Martinez, Silvino"]
[BlackElo "2445"]
[Result "1/2-1/2"]
[EventDate "1975.07.15"]
[PlyCount "26"]

1.e4 e5 2.Nf3 Nc6 3.Nc3 Nf6 4.Bb5 Bb4 5.O-O O-O 6.Bxc6 Bxc3 7.dxc3 dxc6 8.
Nxe5 Qxd1 9.Rxd1 Nxe4 10.Bf4 Bf5 11.Nf3 Nf6 12.Nd4 Nd5 13.Nxf5 Nxf4
1/2-1/2

[Event "11th PKWN Festival it"]
[Site "Lublin POL"]
[Date "1975.07.??"]
[Round "13"]
[White "Kozlov, Vladimir"]
[WhiteElo "2445"]
[Black "Bednarski, Jacek"]
[BlackElo "2425"]
[Result "1/2-1/2"]
[EventDate "1975.07.15"]
[PlyCount "32"]

1.e4 e5 2.Nf3 Nf6 3.Nxe5 d6 4.Nf3 Nxe4 5.Qe2 Qe7 6.d3 Nf6 7.Bg5 Qxe2+ 8.
Bxe2 Be7 9.Nc3 c6 10.O-O-O Na6 11.Rhe1 Nc7 12.Ne4 Nxe4 13.dxe4 Ne6 14.Bxe7
Kxe7 15.Nd4 Nxd4 16.Rxd4 Be6 1/2-1/2

[Event "11th PKWN Festival it"]
[Site "Lublin POL"]
[Date "1975.07.??"]
[Round "13"]
[White "Lechtynsky, Jiri"]
[WhiteElo "2410"]
[Black "Ogaard, Leif"]
[BlackElo "2460"]
[Result "1/2-1/2"]
[EventDate "1975.07.15"]
[PlyCount "20"]

1.Nf3 c5 2.g3 g6 3.Bg2 Bg7 4.O-O Nc6 5.c3 Nf6 6.d4 cxd4 7.cxd4 d5 8.Nc3
Ne4 9.Qb3 Nxc3 10.bxc3 O-O 1/2-1/2

[Event "11th PKWN Festival it"]
[Site "Lublin POL"]
[Date "1975.07.??"]
[Round "13"]
[White "Maciejewski, Andrzej"]
[WhiteElo "2380"]
[Black "Szymczak, Zbigniew"]
[BlackElo "2390"]
[Result "1/2-1/2"]
[EventDate "1975.07.15"]
[PlyCount "28"]

1.e4 e6 2.d4 d5 3.Nd2 c5 4.exd5 exd5 5.Bb5+ Nc6 6.Ngf3 Bd6 7.dxc5 Bxc5 8.
O-O Ne7 9.Nb3 Bd6 10.Bg5 O-O 11.Nh4 Qb6 12.Be2 Nf5 13.Qxd5 Nb4 14.Qe4 Bd7
1/2-1/2

[Event "11th PKWN Festival it"]
[Site "Lublin POL"]
[Date "1975.07.??"]
[Round "13"]
[White "Panchenko, Alexander"]
[WhiteElo "2435"]
[Black "Espig, Lutz"]
[BlackElo "2490"]
[Result "1/2-1/2"]
[EventDate "1975.07.15"]
[PlyCount "25"]

1.d4 d5 2.c4 e6 3.Nf3 c5 4.cxd5 exd5 5.g3 Nc6 6.Bg2 Nf6 7.O-O Be7 8.Nc3
O-O 9.dxc5 Bxc5 10.Bg5 d4 11.Ne4 Be7 12.Bxf6 Bxf6 13.Qd2 1/2-1/2

[Event "11th PKWN Festival it"]
[Site "Lublin POL"]
[Date "1975.07.??"]
[Round "13"]
[White "Peev, Peicho"]
[WhiteElo "2425"]
[Black "Barczay, Laszlo"]
[BlackElo "2445"]
[Result "0-1"]
[EventDate "1975.07.15"]
[PlyCount "86"]

1.d4 d5 2.c4 e6 3.Nc3 c6 4.Nf3 Nf6 5.e3 Nbd7 6.Bd3 dxc4 7.Bxc4 b5 8.Bd3
Bb7 9.O-O a6 10.e4 c5 11.d5 e5 12.b3 Qc7 13.Bg5 Bd6 14.Nh4 g6 15.Qf3 Ng8
16.Rfd1 h6 17.Be3 Qd8 18.Qg3 Ngf6 19.a4 b4 20.Nb1 Nh5 21.Qh3 Bc8 22.g3 Nf4
23.Qf1 Nxd3 24.Qxd3 a5 25.Nd2 Nb6 26.Nc4 Nxc4 27.Qxc4 Ba6 28.Qc1 Rc8 29.f4
c4 30.fxe5 Bxe5 31.d6 cxb3 32.Qd2 Qd7 33.Qd5 Bg7 34.Qxa5 b2 35.Rab1 Be2
36.Bd4 Bxd4+ 37.Rxd4 Rc1+ 38.Kf2 O-O 39.Rxb2 Qh3 40.Rdxb4 Qf1+ 41.Ke3 Rc3+
42.Kd4 Rd3+ 43.Kc5 Qc1+ 0-1

[Event "11th PKWN Festival it"]
[Site "Lublin POL"]
[Date "1975.07.??"]
[Round "13"]
[White "Stean, Michael Francis"]
[WhiteElo "2370"]
[Black "Hazai, Laszlo"]
[BlackElo "2420"]
[Result "1/2-1/2"]
[EventDate "1975.07.15"]
[PlyCount "24"]

1.c4 g6 2.Nc3 Bg7 3.g3 e5 4.Bg2 d6 5.d3 Nc6 6.e3 Be6 7.Nge2 Qd7 8.O-O Bh3
9.e4 Bxg2 10.Kxg2 Nge7 11.Be3 O-O 12.f3 f5 1/2-1/2